000 00642nam a2200241 4500
999 _c8258
_d8258
005 20190308141720.0
008 020104s1976 enk 0 engYA
020 _a0870682555
090 _aBS1455
_bSt9c
100 1 _aCrenshaw, James L.
245 1 0 _aStudies in ancient Israelite wisdom /
_cJames L. Crenshaw.
260 _aNew York :
_bKTAV,
_cc1976.
300 _a494 p.
336 _atext
337 _aunmediated
338 _avolume
490 1 _aLibrary of biblical studies
504 _aSelect. biblio. : pp. 46-60
650 4 _aWisdom literature.
650 4 _aWisdom.
651 4 _aAncient Near East.
942 _2lcc
_cBK